| 000 | 00457nam a2200181Ia 4500 | ||
|---|---|---|---|
| 008 | 100920s9999 xx 000 0 und d | ||
| 082 |
_b34588 _a4 थ 0 |
||
| 100 | _aWEELS H.G. | ||
| 245 | _aA MODERN UTOPIA. | ||
| 260 |
_bCOLLINS CLEAR TYPE PRESS. _c0 |
||
| 300 |
_a274 _bसाधी |
||
| 365 | _b0 | ||
| 520 | _aई. एल.डी. | ||
| 630 | _aA MODERN UTOPIA. | ||
| 650 | _aई. एल.डी. | ||
| 730 | _aA MODERN UTOPIA. | ||
| 942 | _cBOOK | ||
| 999 |
_c688764 _d688761 |
||